Central Library OPAC University of Rajshahi

A descriptive catalogue of Bengali manuscripts in Munshi Abdul Karim's collection / (Record no. 458)

MARC details
000 -LEADER
fixed length control field 01520nam a22003017a 4500
001 - CONTROL NUMBER
control field 458
003 - CONTROL NUMBER IDENTIFIER
rucl marc code BD-RjUL
005 - DATE AND TIME OF LATEST TRANSACTION
control field 20211208233201.0
008 - FIXED-LENGTH DATA ELEMENTS--GENERAL INFORMATION
fixed length control field 161204s1960 pk |||||||||| 001 0 eng d
020 ## - INTERNATIONAL STANDARD BOOK NUMBER
Terms of availability : PRs. 20.00
035 ## - SYSTEM CONTROL NUMBER
System control number (BD-RjUL)475
040 ## - CATALOGING SOURCE
Original cataloging agency BD-RjUL
Language of cataloging eng
Transcribing agency BD-RjUL
Modifying agency BD-RjUL
041 ## - LANGUAGE CODE
Language code of text/sound track or separate title eng
082 04 - DEWEY DECIMAL CLASSIFICATION NUMBER
Edition number 23
Classification number 015.549031
Author mark and year KAD 1960
100 1# - MAIN ENTRY--PERSONAL NAME
Personal name Karim, Munsi Abdul,
9 (RLIN) 1427
245 13 - TITLE STATEMENT
Title A descriptive catalogue of Bengali manuscripts in Munshi Abdul Karim's collection /
Statement of responsibility, etc. by Munsi Abdul Karim and Ahmad Sharif ; English Edition with an Introduction by Syed Sajjad Husain
260 ## - PUBLICATION, DISTRIBUTION, ETC. (IMPRINT)
Place of publication, distribution, etc. Dacca :
Name of publisher, distributor, etc. Asiatic Society of Pakistan,
Date of publication, distribution, etc. 1960.
300 ## - PHYSICAL DESCRIPTION
Pagination xi, 589, xxix p. ;
Size 25 cm.
490 ## - SERIES STATEMENT
Series statement Asiatic Society of Pakistan Publication ;
Volume/sequential designation no. 3
500 ## - GENERAL NOTE
General note "A translation of the descriptive catalogue of Bengali manuscripts originally prepared by the collector, Munshi Abdul Karim ... the collection was acquired by the University of Dacca shortly before his death and his catalogue edited and prepared for publication by his nephew Mr. Ahmad Sharif."
504 ## - BIBLIOGRAPHY, ETC. NOTE
Bibliography, etc Includes indexes.
650 ## - SUBJECT ADDED ENTRY--TOPICAL TERM
Topical term or geographic name as entry element Manuscripts, Bengali
Form subdivision Catalogs.
9 (RLIN) 1428
700 1# - ADDED ENTRY--PERSONAL NAME
Personal name Sharif, Ahmad, jt . auth.
Personal name Husain, Syed Sajjad, Introducer
830 ## - SERIES ADDED ENTRY--UNIFORM TITLE
Uniform title Asiatic Society of Pakistan Publication ;
Volume number/sequential designation no. 3
856 ## - ELECTRONIC LOCATION AND ACCESS
Materials specified WorldCat
Uniform Resource Identifier <a href="http://www.worldcat.org/title/descriptive-catalogue-of-bengali-manuscripts-in-munshi-abdul-karims-collection/oclc/246117769&referer=brief_results">http://www.worldcat.org/title/descriptive-catalogue-of-bengali-manuscripts-in-munshi-abdul-karims-collection/oclc/246117769&referer=brief_results</a>
942 ## - ADDED ENTRY ELEMENTS (KOHA)
Source of classification or shelving scheme Dewey Decimal Classification
Koha item type Reference
Holdings
Lost status Source of classification or shelving scheme Damaged status Not for loan Collection code Permanent Location Current Location Shelving location Date acquired Source of acquisition Cost, normal purchase price Total Checkouts Full call number Date last seen Copy number Koha item type
  Dewey Decimal Classification   Not For Loan Reference Central Library, University of Rajshahi Central Library, University of Rajshahi   21/11/1969 Asiatic Society of Pakistan 20.00   R 015.549031 KAD 1960 18/11/2013 C-4 Reference
  Dewey Decimal Classification   Not For Loan Reference Central Library, University of Rajshahi Central Library, University of Rajshahi   21/11/1969 Asiatic Society of Pakistan 20.00   R 015.549031 KAD 1960 18/11/2013 C-2 Reference
  Dewey Decimal Classification   Not For Loan Reference Central Library, University of Rajshahi Central Library, University of Rajshahi   21/11/1969 Asiatic Society of Pakistan 20.00   R 015.549031 KAD 1960 18/11/2013 C-1 Reference
  Dewey Decimal Classification   Not For Loan Reference Central Library, University of Rajshahi Central Library, University of Rajshahi   21/11/1969 Asiatic soceity of Pakistan 20.00   R 015.549031 KAD 1960 23/11/2013 C-3 Reference